<?xml version="1.0" encoding="UTF-8"?>
<marc:record xmlns:marc="http://www.loc.gov/MARC21/slim">
   <marc:leader>00000nam a2200000 a 4500</marc:leader>
   <marc:datafield ind1="1" ind2=" " tag="100">
      <marc:subfield code="a">Areces, Carlos</marc:subfield>
   </marc:datafield>
   <marc:datafield ind1="1" ind2=" " tag="100">
      <marc:subfield code="a">Manver, Kiti</marc:subfield>
   </marc:datafield>
   <marc:datafield ind1="1" ind2=" " tag="100">
      <marc:subfield code="a">Acosta, Juana</marc:subfield>
   </marc:datafield>
   <marc:datafield ind1="1" ind2=" " tag="100">
      <marc:subfield code="a">Rico, Bernabé</marc:subfield>
   </marc:datafield>
   <marc:datafield ind1="0" ind2="0" tag="245">
      <marc:subfield code="a">Vier Wände für Zwei [Bildtonträger]</marc:subfield>
   </marc:datafield>
   <marc:datafield ind1="0" ind2="0" tag="245">
      <marc:subfield code="b">gute Freunde erkennt man leichter, wenn das Leben schwerer wird</marc:subfield>
   </marc:datafield>
   <marc:datafield ind1="0" ind2="0" tag="245">
      <marc:subfield code="c">Regie: Bernabé Rico. Mit Juana Acosta, Kiti Manver, Carlos Areces...</marc:subfield>
   </marc:datafield>
   <marc:datafield ind1=" " ind2="1" tag="264">
      <marc:subfield code="b">24B</marc:subfield>
      <marc:subfield code="c">2023</marc:subfield>
   </marc:datafield>
   <marc:datafield ind1="1" ind2=" " tag="520">
      <marc:subfield code="a">Sara lebt in Sevilla und ist seit acht Jahren verheiratet. Nicht mehr an die Zukunft ihrer Ehe glaubend, macht sie sich auf die Suche nach eigenen vier Wänden. Zusammen mit dem Makler Óscar besichtigt sie eine tolle Wohnung, die absolut perfekt wäre, jedoch einen Haken hat: Sie kann erst einziehen, wenn die Eigentümerin Lola  verstorben ist. Sara trifft sich mit Lola, die sich als wortgewandte, kettenrauchende und freigeistige Überlebende eines dreifachen Bypasses herausstellt. Eine Naturgewalt, deren Lebensfreude mit Saras eher konservativer Einstellung kollidiert. Als Sara von ihrem Mann betrogen wird, sucht sie Trost bei Lola, der ähnliches widerfuhr. Die beiden so unterschiedlichen Frauen schliessen eine Freundschaft, die von Zuneigung und viel Humor geprägt ist und über den Pakt, den sie mit der Wohnung beschlossen haben, hinauswächst.</marc:subfield>
   </marc:datafield>
   <marc:datafield ind1=" " ind2=" " tag="020">
      <marc:subfield code="a">4270003387804</marc:subfield>
      <marc:subfield code="9">4270003387804</marc:subfield>
   </marc:datafield>
   <marc:datafield ind1=" " ind2=" " tag="500">
      <marc:subfield code="a">Orig.: Spanien 2020. Sprache: 	Deutsch (Dolby Digital 5.1), Spanisch (Dolby Digital 5.1)</marc:subfield>
   </marc:datafield>
   <marc:datafield ind1="0" ind2=" " tag="490">
      <marc:subfield code="v">0</marc:subfield>
   </marc:datafield>
   <marc:datafield ind1=" " ind2=" " tag="300">
      <marc:subfield code="a">1 DVD (90 Min.) : farbig</marc:subfield>
   </marc:datafield>
</marc:record>
